Geboren in Waiblingen - Statistiken

Allgemein
  • Dieses Quiz wurde 28 mal gespielt
  • Das Durchschnittsergebnis liegt bei 3 aus 7
Antwortstatistiken
Hinweis Antwort % Korrekt
Starfriseur und Autor 1944 Udo Walz
61%
Grünen-Politiker und überregional bekannter Oberbürgermeister von Tübingen 1972 Boris Palmer
54%
Fahrer des Safety Cars in der Formel 1 und ehemaliger Rennfahrer 1971 Bernd Mayländer
43%
Fußballnationalspieler, Borussia Dortmund 1999 Nico Schlotterbeck
32%
langjähriger DTM-Rennfahrer 1960 Joachim Winkelhock
29%
ehemaliger Formel 1 und Sportwagenserienrennfahrer, starb 1985 an den Folgen eines Rennunfalls 1951 Manfred Winkelhock
29%
Schauspielerin, Schwarzwald-"Tatort" seit 2017 1972 Eva Löbau
4%
Keine übereinstimmenden Quizze gefunden
Verteilung der Resultate
Anzahl Personen mit jedem Resultat
Perzentil nach korrekt beantworteten Fragen
Ihre Resultats-Entwicklung
Sie haben dieses Quiz noch nicht gespielt